[Event "Chebanenco Memorial 1st"]
[Site "Kishinev"]
[Date "1998.02.13"]
[Round "5"]
[White "Rogozenco, Dorian"]
[Black "Morozevich, Alexander"]
[Result "0-1"]
[WhiteElo "2495"]
[BlackElo "2590"]
[Annotator "Huebner,R"]
[PlyCount "80"]
[EventDate "1998.02.09"]
[EventType "tourn"]
[EventRounds "9"]
[EventCountry "MDA"]
[EventCategory "12"]
[SourceTitle "CBM 064"]
[Source "ChessBase"]
[SourceDate "1998.06.02"]
[SourceVersion "1"]
[SourceVersionDate "1998.06.02"]
[SourceQuality "1"]

1. d4 {Ftacnik} d5 2. c4 c6 3. Nf3 Nf6 4. Nc3 dxc4 5. a4 Bf5 6. Ne5 Nbd7 7.
Nxc4 Qc7 8. g3 e5 9. dxe5 Nxe5 10. Bf4 Nfd7 11. Nxe5 Nxe5 12. Bg2 {Diese
Fortsetzung bringt wenig ein. Versucht wurde bisher} (12. Qd4 f6 (12... Bd6 13.
Rd1 (13. Ne4 $6 {Ftacnik} Bxe4 14. Qxe4 O-O $13) 13... Qe7 (13... O-O-O {
Ftacnik} 14. Qxa7 Rhe8 15. Bg2 (15. Be3 Nc4 $36) 15... Nd3+ 16. Rxd3 (16. Kf1
Nxf4 17. gxf4 Bxf4 $17) 16... Bxd3 17. Bh3+ f5 18. Be3 (18. O-O $1 $16 {
Kortschnoj}) 18... Bc2 $8 19. O-O $5 (19. Bb6 Qb8 20. Qa5 Bc7 21. Bxf5+ Bxf5
22. Qxf5+ Rd7 23. Bxc7 Qxc7 24. Qxh7 Qb6 25. Qc2 Red8 26. O-O Rd2 27. Qf5+ Kb8
28. Qe5+ Ka8 29. Qxg7 Qxb2 $13) 19... Qf7 20. Qa8+ Kc7 (20... Bb8 21. Bf4 $18)
21. Qa5+ Kd7 (21... Kb8 22. Rc1 Bb3 23. Ba7+ Kc8 24. Bb6) 22. Rc1 Re5 (22...
Qb3 23. Rxc2 $18) 23. Qb6 {1-0 Malaniuk,V-Nenashev,A/Alushta4 1994/ (39)}) (
13... Rd8 $2 {Ftacnik} 14. Qxa7 Qe7 15. Bxe5 $16) 14. Bg2 Bc7 {Malanjuk, Inf.
60/366, siehe Z. Ribli, Slawisch D16-19 (Informatormonographie), D17/45,
Fußnote 287.} 15. O-O {Ftacnik} O-O 16. Ne4 Rfe8 17. Qc5 Bg4 18. Rd2 f6 19. Qc3
a5 20. Nc5 Bd6 21. Rc1 Kh8 {0-1 Hillarp Persson,T-Hector,J/Nordic-ch VISA 1997/
CBM 62 (36)}) 13. a5 (13. Bg2 {Ftacnik} Be7 14. O-O O-O 15. a5 (15. Rad1 Qa5
16. Bc1 Bc5 17. Qf4 Bc2 18. Rde1 g5 19. Qd2 Bxa4 20. Nxa4 Qxa4 21. Rd1 Bb6 22.
Qd6 {1-0 Nikolov,S-Riha,J/Decin op 1997 (42)}) 15... Rfd8 16. Qa4) 13... a6 14.
Bg2 Be7 15. Ne4 Rd8 16. Qc3 O-O 17. O-O $14 {1/2-1/2 Ward,C-Crouch,C/BCF-ch
1997 (58)}) 12... Qa5 {Ftacnik: Morozevich has very interesting ideas about
Slav defense, with this move he presents a new plan of solving h2-b8 pin.} 13.
Qb3 {Ich sehe keinen Grund dafür, dem Schwarzen die lange Rochade zu erlauben.
Nach} (13. O-O {gefolgt von Sc3-e4 behält Weiß einen kleinen Vorteil.} Nc4 {
Ftacnik} 14. e4 (14. Qb3 Qb4 $1 $11) 14... Be6 15. Qc2 O-O-O 16. Rfd1 Bb4 $13)
13... O-O-O 14. O-O (14. Bxe5 $6 {Ftacnik} Be6 $1 15. Qc2 Qxe5 $15) 14... Be6
15. Qc2 Ng6 16. Be3 (16. Bd2 {Ftacnik} Bb4 17. Rfd1 h5 $13) 16... a6 17. Nb5 $2
{Ftacnik: It is not possible to get more romantic than this! Rogozenko
stretches the line too far, open a file will not suffice as a compensation for
the piece. Genial, aber unzureichend.} (17. Ne4 $11) (17. Rfd1 $11 Be7 {Ftacnik
} (17... Bc5 18. Nd5 $1) 18. Bd4 (18. Ne4 $5) 18... f6 19. Rac1 $14) 17... axb5
$19 18. axb5 Qxb5 19. b4 (19. Ra8+ {Ftacnik} Kc7 20. Rxd8 Kxd8 21. Ra1 Bd6 22.
Ra8+ Bc8 $19) (19. Rfc1 {Ftacnik} Bd6 20. Ra8+ Kc7 21. Ra7 Bd5 $1 $19) 19...
Bxb4 20. Rfc1 Rd6 21. Be4 (21. Ra8+ {Ftacnik} Kd7 22. Rxh8 Nxh8 23. Bf4 (23.
Qxh7 Ng6 24. Be4 Nf8 25. Qxg7 Qxe2 $19) 23... Rd4 24. Qxh7 Ng6 25. Qxg7 Rxf4
26. gxf4 Nxf4 27. Rd1+ Bd6 $19) 21... Rhd8 22. Bd3 Rxd3 {Ftacnik: A
multipurpose move, black liquidates dangerous enemy and at the same time
defender of white's king.} (22... Qh5 {Ftacnik} 23. Bb6 $1 $132) 23. exd3 Ne5 (
23... Rxd3 {Ftacnik} 24. Rcb1 Ne5 $19) 24. Qa4 (24. Rcb1 {Ftacnik} Bd5 25. Ra8+
Kc7 26. Rxd8 Kxd8 $19) 24... Qxa4 25. Rxa4 Be7 (25... Nxd3 {Ftacnik} 26. Rd1
Kc7 27. Rxd3 Rxd3 28. Rxb4 b5 $19) 26. Bb6 (26. Ra8+ {Ftacnik} Kc7 27. Rxd8
Bxd8 28. Bf4 f6 29. d4 g5 30. dxe5 gxf4 31. gxf4 b5 $19) 26... Rxd3 27. Ra8+
Kd7 28. Rb8 (28. f4 {Ftacnik} Nf3+ 29. Kg2 Bd5 $19) 28... Nf3+ 29. Kg2 (29. Kf1
{Ftacnik} Bd5 30. Rxb7+ Ke6 31. h4 Rd2 $19) 29... Bd5 {Ftacnik: Material
disadvantage is still important, but black's main asset is now the attack
against white king.} 30. Rxb7+ Ke6 31. Be3 h5 32. Kf1 (32. Rc7 {Ftacnik} g5 33.
h3 f5 34. R7xc6+ Bxc6 35. Rxc6+ Kd5 36. Rh6 Ne1+ 37. Kf1 Nc2 $19) 32... Bd6 (
32... Nxh2+ {Ftacnik} 33. Ke2 Be4 (33... Ra3 $2 34. Rxe7+ Kxe7 35. Bc5+ Kd7 36.
Bxa3 $11) 34. Rc4 f5 $19) 33. h4 (33. Ke2 {Ftacnik} Ra3 34. h4 Ra2+ $19) 33...
Ra3 34. Ra7 Rb3 35. Ke2 Rb2+ 36. Kd3 (36. Kf1 {Ftacnik} Nh2+ 37. Kg1 (37. Ke1
Bb4+ 38. Kd1 Bf3#) 37... Bxg3 $1 38. fxg3 Rg2+ 39. Kh1 Rc2+ 40. Kg1 Nf3+ 41.
Kf1 (41. Kh1 Rh2#) 41... Bc4#) 36... Bb4 37. Bc5 (37. Bf4 {Ftacnik} Ne1+ 38.
Kd4 c5+ 39. Ke3 Bd2+ $19) 37... Ne5+ (37... Ne1+ $2 {Ftacnik} 38. Rxe1+ $1 Bxe1
39. Re7+ Kf6 40. Rxe1) 38. Kd4 (38. Ke3 {Ftacnik} Ng4+ 39. Kf4 (39. Kd3 Rd2#)
39... Rxf2+ $1) 38... Rd2+ 39. Ke3 Ng4+ 40. Kf4 Rxf2+ (40... Rxf2+ 41. Bxf2 (
41. Kg5 {Ftacnik} Rf5#) 41... Bd2+ 42. Be3 Bxe3#) 0-1

[Event "EU-chT (Men) 11th"]
[Site "Pula"]
[Date "1997.05.??"]
[Round "9.4"]
[White "Sergejev, Roman"]
[Black "Haba, Petr"]
[Result "1/2-1/2"]
[WhiteElo "2370"]
[BlackElo "2520"]
[Annotator "Huebner,R"]
[PlyCount "210"]
[EventDate "1997.05.05"]
[EventType "team-swiss"]
[EventRounds "9"]
[EventCountry "CRO"]
[SourceTitle "CBM 057 Extra"]
[Source "ChessBase"]
[SourceDate "1997.05.01"]
[SourceVersion "1"]
[SourceVersionDate "1997.05.01"]
[SourceQuality "1"]
[WhiteTeam "Estonia"]
[BlackTeam "Czech Republic"]
[WhiteTeamCountry "EST"]
[BlackTeamCountry "CZE"]

1. Nf3 {Hecht} Nf6 2. c4 c6 3. d4 d5 4. Nc3 dxc4 5. a4 Bf5 6. Ne5 e6 7. f3 Bb4
8. e4 Bxe4 9. fxe4 Nxe4 10. Bd2 Qxd4 11. Nxe4 Qxe4+ 12. Qe2 Bxd2+ 13. Kxd2 Qd5+
14. Kc2 Na6 15. Nxc4 O-O 16. Qe5 Rab8 {Dies ist ein listiger Zug, der bisher
vielleicht nicht genügend gewürdigt worden ist. Wenn Weiß die Damen auf d5
tauscht, so ist es nützlich, daß der b-Bauer in dem entstehenden Endspiel
schon gedeckt ist (nach Sc4-d6 oder Sc4-a5). Für den Fall, daß Weiß den
Damentausch meidet, kann Schwarz nach b7-b5, a4xb5 zu einem heftigen Angriff
kommen, indem er mit dem Turm auf b5 zurückschlägt.} 17. Be2 f6 (17... Nb4+ 18.
Kb3 b5 19. axb5 Rxb5 20. Qxd5 cxd5 21. Ne3 Rb7 22. Kc3 Nc6 23. Nd1 Rc8 $15 {
1/2-1/2 Malaniuk,V-Milov,L/Simferopol/Alushta 1992 (65)}) 18. Qxd5 (18. Qe3
Nb4+ {gefolgt von b7-b5 sieht zu gefährlich für Weiß aus.}) 18... cxd5 19. Nd6
(19. Na5 Rfc8+ 20. Kd2 Nc5 {sieht ungünstig für Weiß aus.}) (19. Nd2 Rfc8+ 20.
Kb3 Nc5+ 21. Kb4 {war aber vielleicht solider als der Textzug.}) 19... Nb4+ 20.
Kb1 (20. Kb3 {überläßt dem Schwarzen Vorteil:} Nc6 21. Rad1 a6 22. Bg4 f5 23.
Bxf5 exf5 24. Rxd5 $17) (20. Kc3 Nc6 21. Nb5 {sieht aber folgerichtiger aus.})
20... a6 21. Ra3 Nc6 22. Rc1 Nd4 23. Bf1 Rfd8 24. Rd3 e5 25. Rxd4 exd4 26. Nf5
g6 27. Nxd4 Rbc8 28. Rd1 f5 29. Be2 Kf7 30. Bf3 Kf6 31. Nc2 a5 32. Ne3 Rc5 33.
Rxd5 Rcxd5 34. Nxd5+ Ke5 35. Ne3 Kd4 36. Nd1 Rd7 37. Kc2 g5 38. h3 Rg7 39. Kd2
g4 40. hxg4 fxg4 41. Be2 h5 42. Ne3 Ke4 43. Bd3+ Kf4 44. Nd5+ Kg3 45. Nf6 Kxg2
46. Nxh5 Re7 47. Kc3 Kf3 48. b4 Re5 49. Bg6 g3 50. Nxg3 Kxg3 51. bxa5 Rxa5 {
[#] Hecht Schwarz steht vor dem gleichen technischen Problem wie Hillarp in
der Partie gegen Danielsen aus Aruna Copenhagen/1997/CBM 59/. Die zwei Bauern
stehen seitlich um eine Reihe versetzt. Auch hier gelingt es Schwearz nicht,
den wK entscheidend abzudrängen. Der vorliegende Endspieltyp ist also mit
remis einzuschätzen, wenn keine Besonderheiten vorliegen.} 52. Be8 Kf4 53. Bb5
Ke5 54. Kb4 b6 55. Bc4 Kd6 56. Bb5 Kc7 57. Kc4 Ra8 58. Kd5 Rh8 59. Ke6 Rd8 60.
Ke5 Rd6 61. Ke4 Kd8 62. Bc4 Rd1 63. Bd3 Kc7 64. Kd4 Kc6 65. Kc4 Rc1+ 66. Kb4
Rd1 67. Be4+ Kc7 68. Kb5 Re1 69. Bd3 Re5+ 70. Kb4 Kd6 71. Kc4 Kc6 72. Kb4 Re3
73. Bb5+ Kd5 74. Ba6 Re1 75. Bb7+ Kd6 76. Kc4 Re5 77. Kb4 Rc5 78. Ba6 Kd5 79.
Bb7+ Kd4 80. Ba6 Rg5 81. Bb7 Kd3 82. Ba6+ Kd4 83. Bb7 Rc5 84. Ba6 Kd5 85. Bb7+
Kd6 86. Ba6 Rc2 87. Kb5 Rb2+ 88. Kc4 Rb1 89. Bb7 Rg1 90. Kb5 Kc7 91. Bf3 Rg3
92. Be2 Kb7 93. Bc4 Rg1 94. Bd5+ Ka7 95. Bc4 Rb1+ 96. Kc6 Rb4 97. Bb5 Rd4 98.
Kc7 Rd1 99. Kc6 Rc1+ 100. Kd7 Kb7 101. Kd6 Rd1+ 102. Ke7 Kc7 103. Ke6 Kd8 104.
Bc6 Rg1 105. Bb5 Rg6+ 1/2-1/2

[Event "Villa Martelli"]
[Site "Villa Martelli"]
[Date "1997.06.10"]
[Round "10"]
[White "Sorokin, Maxim"]
[Black "Ehlvest, Jaan"]
[Result "1/2-1/2"]
[WhiteElo "2560"]
[BlackElo "2635"]
[Annotator "Huebner,R"]
[PlyCount "45"]
[EventDate "1997.06.01"]
[EventType "tourn"]
[EventRounds "11"]
[EventCountry "ARG"]
[EventCategory "13"]
[SourceTitle "CBM 060"]
[Source "ChessBase"]
[SourceDate "1997.09.29"]
[SourceVersion "1"]
[SourceVersionDate "1997.09.29"]
[SourceQuality "1"]

1. Nf3 d5 2. d4 Nf6 3. c4 c6 4. Nc3 dxc4 5. a4 Bf5 6. Ne5 e6 7. f3 Bb4 8. e4
Bxe4 9. fxe4 Nxe4 10. Bd2 Qxd4 11. Nxe4 Qxe4+ 12. Qe2 Bxd2+ 13. Kxd2 Qd5+ 14.
Kc3 O-O 15. Qe3 b5 16. Be2 Nd7 17. Nxd7 Qxd7 18. Qc5 Qd8 {Dies ist offenbar
ein neuer Zug. Die Partie Lalic-Sadler, Hastings 1995/96, wurde nach} (18... a6
19. Rhd1 {remis gegeben. In der Monographie von Z. Ribli, Slawisch D16-19 wird
unter D 17/74, Fußnote 465, eine Variante von G. Hertneck angegeben:}) (18...
Qd5 19. Qxd5 exd5 20. axb5 cxb5 21. Bf3 Rfd8 22. Rhd1 {mit Vorteil für Weiß.
Dem Damentausch sollte Schwarz aber bei der unsicheren Stellung des
gegnerischen Königs auf jeden Fall aus dem Wege gehen, wenn er kann. Der
Textzug ist dazu prächtig geeignet.}) 19. Rhf1 {Weiß verhindert 19...Df6+.} (
19. Qxc6 b4+ 20. Kc2 b3+ 21. Kb1 Rc8 {ist natürlich nicht verlockend für Weiß.}
) 19... a6 20. Rad1 Qa5+ 21. Kc2 Rad8 (21... Qxa4+ 22. Kb1 Rad8 {kam meines
Erachtens in Betracht; ich sehe keine Gefahren für Schwarz.}) 22. Kb1 Qc7 (
22... Qxa4 {führt zur oben angegebenen Stellung.}) (22... c3 {kommt ebenfalls
in Betracht.}) 23. Bf3 1/2-1/2

[Event "Drury Lane"]
[Site "London"]
[Date "1997.06.23"]
[Round "8"]
[White "Kumaran, Dharshan"]
[Black "Summerscale, Aaron"]
[Result "1/2-1/2"]
[WhiteElo "2500"]
[BlackElo "2500"]
[Annotator "Huebner,R"]
[PlyCount "80"]
[EventDate "1997.06.16"]
[EventType "tourn"]
[EventRounds "9"]
[EventCountry "ENG"]
[EventCategory "10"]
[SourceTitle "CBM 060"]
[Source "ChessBase"]
[SourceDate "1997.09.29"]
[SourceVersion "1"]
[SourceVersionDate "1997.09.29"]
[SourceQuality "1"]

1. d4 d5 2. c4 c6 3. Nf3 Nf6 4. Nc3 dxc4 5. a4 Bf5 6. Nh4 e6 7. Nxf5 exf5 8. e3
Na6 {Die Überführung des Springers nach b4 ist in dieser Stellung bis jetzt
selten angewandt worden, doch sieht mir die Idee sehr gesund aus; Schwarz
mehrt seinen Einfluß auf den weißen Feldern.} 9. Bxc4 Nb4 10. O-O Qd7 (10...
Bd6 {kommt in Betracht. Nach} 11. f3 Qc7 12. h3 O-O-O {entfaltet Schwarz eine
gefährliche Initiative; wenn Weiß nicht zu e3-e4 kommt, steht der Läufer auf
d6 besser als auf e7.}) (10... Be7 {gefällt mir ebenfalls etwas besser als der
Textzug.}) 11. f3 Be7 (11... O-O-O 12. Qb3 Nfd5 13. Bd2 {sieht nicht besonders
günstig für Schwarz aus.}) 12. Qb3 O-O 13. a5 f4 $6 (13... Rae8 {kommt in
Betracht. Nach} 14. Bd2 ({Nach} 14. Ra4 Nbd5 15. e4 b5 {erhält Schwarz Vorteil.
}) 14... Bd6 {hat Schwarz meines Erachtens keine Schwierigkeiten:} 15. e4 fxe4
16. fxe4 Nxe4 17. Nxe4 Rxe4 18. Bxb4 Bxb4 {braucht er offensichtlich nicht zu
fürchten.}) 14. Ra4 ({Nach} 14. Ne4 $5 {mit der Drohung 15.Sf6:+ dürfte
Schwarz nichts Besseres haben, als den Bauern f4 aufzugeben:} Nfd5 15. exf4 {
mit einigem Vorteil für Weiß.}) 14... Nbd5 15. Bxd5 (15. exf4 b5 {ist
ungünstig für Weiß.}) 15... Nxd5 16. Nxd5 cxd5 17. exf4 {Diese Stellung
scheint mir ungefähr ausgeglichen zu sein.} Rac8 18. Bd2 ({Die Folge} 18. f5
Rfe8 19. g4 Bd6 {mit der Drohung 20...Te2 verspricht dem Weißen keinen Vorteil.
}) 18... g6 19. Raa1 (19. Re1 Rfe8 20. Re5 Red8 21. f5 gxf5 {führt zu einer
ausgeglichenen Stellung.}) 19... Rc4 20. Qd3 Rfc8 21. Kh1 Bf6 (21... Qf5 22.
Qxf5 gxf5 23. Bc3 Bb4 {ergibt ein Remisendspiel. Nach dem Textzug hält Weiß
seinen Mehrbauern mit einigem Vorteil fest.}) 22. Bc3 Kg7 23. Rfe1 b5 24. axb6
axb6 25. Ra6 b5 26. Qe3 R8c6 27. Rxc6 Qxc6 28. g4 Qb6 $2 ({Nach} 28... b4 29.
g5 bxc3 30. gxf6+ Qxf6 31. bxc3 Rc6 {sollte Schwarz keine Mühe haben, remis zu
halten.}) 29. b3 Rc7 (29... Bxd4 30. bxc4 $18 {Dieser kleine Witz war dem
Nachziehenden vermutlich entgangen.}) 30. g5 Bd8 ({Auch} 30... Be7 31. Qe5+ {
gefolgt von 32.Dd5: führt zu einer Verluststellung für Schwarz.}) 31. Bb4 (31.
Qe5+ f6 32. Qxd5 {sicherte den Sieg auf einfache Weise:} Rxc3 33. Qd7+ {
nebst matt. Aber der Textzug ist gut genug.}) 31... f6 {Hoffnungslos wie alles
andere.} 32. Qe8 (32. Bf8+ {beendet die Partie:} Kxf8 (32... Kg8 33. Qe8 Qc6
34. Bc5+ Qxe8 (34... Kg7 35. Qf8#) 35. Rxe8+ $18) 33. Qe8+ Kg7 34. Qxd8 Qc6 (
34... fxg5 35. Re7+ $18) 35. gxf6+ $18) 32... Rf7 33. Bc5 $2 (33. Be7 $18 {
Man gewinnt den Eindruck, daß beide Seiten in hoher Zeitnot verkehrten.}) 33...
Qc7 {Jetzt lebt Schwarz wieder.} 34. gxf6+ Bxf6 35. Qe3 Bh4 36. Qe5+ Qxe5 37.
Rxe5 Rxf4 38. Rxd5 Rxf3 39. b4 Rf5 40. Rd7+ Rf7 1/2-1/2

[Event "FIDE World Cup-D (Women)"]
[Site "Shenyang"]
[Date "2000.09.02"]
[Round "2"]
[White "Wang, Lei"]
[Black "Zhukova, Natalia"]
[Result "0-1"]
[WhiteElo "2498"]
[BlackElo "2450"]
[Annotator "Huebner,R"]
[PlyCount "92"]
[EventDate "2000.09.01"]
[EventType "tourn"]
[EventRounds "5"]
[EventCountry "CHN"]
[EventCategory "8"]
[SourceTitle "CBM 079"]
[Source "ChessBase"]
[SourceDate "2000.11.21"]
[SourceVersion "1"]
[SourceVersionDate "2000.11.21"]
[SourceQuality "1"]

1. d4 d5 2. c4 c6 3. Nc3 Nf6 4. Nf3 dxc4 5. a4 Bf5 6. Ne5 Nbd7 7. Nxc4 Qc7 8.
g3 e5 9. dxe5 Nxe5 10. Bf4 Nfd7 11. Bg2 g5 {Diese naheliegende Idee ist, so
weit ich sehe, noch nicht ernsthaft erprobt worden. Weiß erhält mühelos das
etwas bessere Endspiel, aber es ist fraglich, ob sein Vorteil nennenswert ist.}
12. Bxe5 (12. Nxe5 {kommt natürlich auch in Betracht; es ist schwer zu sagen,
ob dies bessere Aussichten bietet als der Textzug:} gxf4 13. Nxd7 Bxd7 ({
Die Fortsetzung} 13... Qxd7 14. Qxd7+ Bxd7 15. gxf4 {ist natürlich unbequem
für Schwarz.}) 14. Qd4 Rg8 15. Qe4+ Be7 16. Qxh7 (16. O-O-O f5 {Schwarz hat
nichts zu befürchten.}) 16... O-O-O 17. Qxf7 (17. O-O-O Qe5 {führt zu etwa
gleichem Spiel.}) 17... Bc5 {Schwarz hat für die geopferten Bauern eine
gefährliche Initiative.}) 12... Nxe5 13. Qd4 f6 14. Nxe5 Qxe5 ({Die Fortsetzung
} 14... fxe5 15. Qe3 Be7 16. Be4 {führt zu beträchtlichem positionellen
Vorteil für Weiß.}) 15. Qxe5+ fxe5 16. O-O $2 (16. Be4 Be6 17. O-O-O {war
unabdingbar; Weiß kann dann das Feld b3 kontrollieren.}) 16... O-O-O 17. Be4
Be6 {In dieser Stellung bietet die Schwäche der Felder b3 und b4 dem Schwarzen
volle Kompensation für die Schwäche des Feldes e4; der Besitz des Läuferpaares
gibt ihm Vorteil. Es ist schwierig für Weiß, einen fruchtbaren Plan zu
ersinnen.} 18. Rfd1 h6 19. Rxd8+ Kxd8 20. Rd1+ Kc7 21. Bc2 Be7 22. Kg2 a6 23.
e3 Rf8 24. f3 Bc5 25. Re1 b5 26. g4 Bb4 27. Kg3 Kb6 28. Ra1 Rd8 29. Ne4 Be7 30.
Rd1 Rxd1 31. Bxd1 Ka5 32. axb5 cxb5 33. f4 exf4+ 34. exf4 Bd5 35. Nc3 Bf7 36.
Ne4 Bd5 37. Nc3 Bc6 38. f5 Bf6 39. Bf3 Kb6 40. Nd1 a5 41. Bxc6 Kxc6 42. Kf3 Kc5
43. Ke3 Kc4 44. Kd2 a4 45. Kc2 b4 46. Nf2 a3 0-1

[Event "Nordic-ch VISA"]
[Site "Reykjavik"]
[Date "1997.10.18"]
[Round "10"]
[White "Tisdall, Jonathan D"]
[Black "Hector, Jonny"]
[Result "0-1"]
[WhiteElo "2480"]
[BlackElo "2470"]
[Annotator "Huebner,R"]
[PlyCount "46"]
[EventDate "1997.10.08"]
[EventType "tourn"]
[EventRounds "13"]
[EventCountry "ISL"]
[EventCategory "10"]
[SourceTitle "CBM 062"]
[Source "ChessBase"]
[SourceDate "1998.01.31"]
[SourceVersion "1"]
[SourceVersionDate "1998.01.31"]
[SourceQuality "1"]

1. d4 d5 2. c4 c6 3. Nc3 Nf6 4. Nf3 dxc4 5. a4 Bf5 6. Nh4 e6 7. Nxf5 exf5 8. g3
{Dies scheint mir keine beeindruckende Neuerung zu sein.} (8. e3 Nbd7 (8... Na6
9. Bxc4 Nb4 10. O-O Qd7 11. f3 Be7 12. Qb3 O-O 13. a5 f4 14. Ra4 Nbd5 15. Bxd5
Nxd5 16. Nxd5 cxd5 17. exf4 Rac8 18. Bd2 g6 19. Raa1 Rc4 20. Qd3 Rfc8 21. Kh1
Bf6 22. Bc3 Kg7 23. Rfe1 b5 24. axb6 axb6 25. Ra6 b5 26. Qe3 R8c6 27. Rxc6 Qxc6
28. g4 Qb6 29. b3 Rc7 30. g5 Bd8 31. Bb4 f6 32. Qe8 Rf7 33. Bc5 Qc7 34. gxf6+
Bxf6 35. Qe3 Bh4 36. Qe5+ Qxe5 37. Rxe5 Rxf4 38. Rxd5 Rxf3 39. b4 Rf5 40. Rd7+
Rf7 {1/2-1/2 Kumaran,D-Summerscale,A/Drury Lane 1997/CBM 60/[Huebner,R]}) (8...
Be7 9. Bxc4 O-O 10. O-O Nbd7 11. a5 Ne4 12. f3 Nxc3 13. bxc3 Nf6 14. Bd3 Qd7
15. e4 c5 16. e5 Nd5 17. c4 Nc3 18. Qc2 cxd4 19. Bxf5 Qc7 20. Bxh7+ Kh8 21. Qf5
{1-0 Forintos,G-Iversen/EU-chT Kapfenberg 1970/EU-chT}) 9. Bxc4 Nb6 10. Bb3 Bd6
11. Qf3 Qd7 12. h3 Nc8 13. a5 Ne7 14. Bd2 Rb8 15. g4 b5 16. gxf5 Qxf5 17. Qxf5
Nxf5 18. Bc2 Nh4 19. Ke2 O-O 20. Ne4 Nxe4 21. Bxe4 c5 22. dxc5 Bxc5 {Alekhine,
A-Stoltz,G/Bled 1931/HCL 07/1-0 (37)}) (8. Bg5 Bb4 (8... Nbd7 9. e3 Qa5 10.
Bxf6 Nxf6 11. Bxc4 Bd6 12. Qb3 Qc7 13. Rc1 O-O 14. h3 Rae8 15. O-O f4 16. exf4
Bxf4 17. Rcd1 {1/2-1/2 Umansky,M-Kuporosov,V/URS-sf Russia-ch 1989/CBM 16}) 9.
e3 Qa5 10. Bxf6 Bxc3+ 11. bxc3 Qxc3+ 12. Ke2 gxf6 13. g3 Na6 14. Kf3 O-O-O 15.
Be2 Nc5 16. Rc1 Qa5 17. Bxc4 Rd7 18. Bxf7 Ne4 19. Ba2 Re8 20. Kg2 f4 21. Re1
fxg3 22. hxg3 Kb8 {Tukmakov,V-Solozhenkin,E/Linares op 1995/EXP 45/1-0 (41)})
8... Be7 9. Bg2 Na6 10. O-O O-O 11. e3 Qd7 12. Bd2 Nb4 13. Qe2 Qe6 14. Rfd1
Rad8 15. Bf1 {Jetzt versucht Weiß doch, den Läufer nach c4 zu entwickeln. Es
ist aber zu spät.} c5 16. Nb5 Nd3 17. b3 Ne4 18. f3 Nxd2 19. Rxd2 a6 20. bxc4
$2 (20. Nc7 {war ebenfalls ungenügend:} Qd7 21. bxc4 Nb4 22. Nd5 Nxd5 23. cxd5
cxd4 24. exd4 Bf6 $17) ({Die besten Verteidigungsaussichten bot wohl die
Fortsetzung} 20. Na3 cxd4 21. Nxc4 Nc5 22. Rxd4 Rxd4 23. exd4 Qxe2 24. Bxe2
Nxb3 25. Rb1 Nxd4 26. Rxb7 Nxe2+ 27. Kf2 Nxg3 28. Rxe7 Nh5 29. Ra7 {usw.})
20... axb5 21. Qxd3 (21. Rxd3 bxc4 22. Rdd1 (22. Rc3 cxd4 23. exd4 Bf6 $19)
22... cxd4 23. exd4 Bf6 $19) 21... cxd4 22. exd4 Bc5 23. Qc3 b4 0-1

[Event "VAM Hoogeveen"]
[Site "Hoogeveen"]
[Date "1997.10.12"]
[Round "2"]
[White "Van Wely, Loek"]
[Black "Smyslov, Vassily V"]
[Result "1-0"]
[WhiteElo "2655"]
[BlackElo "2480"]
[Annotator "Huebner,R"]
[PlyCount "79"]
[EventDate "1997.10.11"]
[EventType "tourn"]
[EventRounds "6"]
[EventCountry "NED"]
[EventCategory "14"]
[SourceTitle "CBM 062"]
[Source "ChessBase"]
[SourceDate "1998.01.31"]
[SourceVersion "1"]
[SourceVersionDate "1998.01.31"]
[SourceQuality "1"]

1. d4 d5 2. c4 c6 3. Nc3 Nf6 4. Nf3 dxc4 5. a4 Bf5 6. Ne5 Nbd7 7. Nxc4 Qc7 8.
g3 e5 9. dxe5 Nxe5 10. Bf4 Nfd7 11. Bg2 f6 12. O-O Be6 13. Nxe5 fxe5 14. Be3
Bc5 15. Qc1 {Die Stellung ist unerfreulich für den Nachziehenden; er kämpft
mühsam um das Remis.} O-O 16. Rd1 {Weiß droht 17.Td7:. Versucht wurde hier
bereits} (16. a5 h6 17. Rd1 Bxe3 18. Qxe3 a6 19. b4 Rf7 20. Na4 Nf6 21. Qb6 Bb3
22. Rd3 Bxa4 23. Qxc7 Rxc7 24. Rxa4 Rd7 25. Rxd7 {1/2-1/2 Stohl,I-Huebner,R/
Mitropa Cup 1993/CBM 34}) (16. Bxc5 Nxc5 17. Qe3 Nb3 18. Rad1 Na5 19. Ne4 Nc4
20. Qc3 Rae8 21. Ng5 Qe7 22. Nxe6 Qxe6 23. a5 Nd6 24. a6 Nb5 25. Qc5 bxa6 26.
e3 e4 27. Rc1 Rf6 28. Rc4 Qd5 29. Qb4 a5 30. Qa4 Rfe6 {Bogoljubow,E-Araiza,J/
San Remo 1930/HCL 05/1-0 (43)}) 16... Bxe3 $6 (16... Qb6 17. Bxc5 Nxc5 18. a5
Qc7 {sieht für Schwarz befriedigend aus.}) 17. Qxe3 a5 (17... Qb6 {führt hier
nicht mehr zu befriedigendem Spiel; Weiß tauscht einfach die Damen:} 18. Qxb6 {
und nun:} axb6 (18... Nxb6 19. a5 Nc8 ({Nach} 19... Nc4 20. b3 {geht der
Springer verloren.}) 20. a6 {ist fatal für Schwarz.}) 19. b4 {ist äußerst
ungemütlich für Schwarz.}) 18. Ne4 Kh8 (18... h6 $5) (18... Nf6 $5) 19. Rac1
Rad8 20. Nd6 Nf6 ({Nach} 20... Qb6 21. Qxb6 Nxb6 22. Nxb7 Rxd1+ 23. Rxd1 Nxa4
24. Rd2 {verliert Schwarz einen Bauern; das Endspiel ist nicht zu halten. Er
versucht, den Druck auf kombinatorische Art abzuschütteln; das gelingt jedoch
nicht.}) 21. Qxe5 Bb3 22. Rd3 Ng4 (22... Bxa4 23. Qd4 Rd7 (23... Bb3 24. Rxb3
Rxd6 25. Rxb7 $18) 24. Qxa4 Rxd6 25. Rxd6 Qxd6 26. Qxa5 $18) 23. Qd4 Nxf2 24.
Rxb3 Rxd6 25. Rxb7 Rxd4 26. Rxc7 Ne4 (26... Rd2 27. R7xc6 Rxe2 28. Rc8 Rg8 29.
Rxg8+ Kxg8 30. Bd5+ $18) 27. R7xc6 Rxa4 28. R6c4 Rxc4 29. Rxc4 Nd2 30. Ra4 Rb8
31. Rxa5 Nc4 32. Ra4 Nxb2 33. Rd4 g6 34. Kf2 Rc8 35. Bd5 Rc1 36. Bb3 Rc3 37.
Rb4 Rc7 38. Ke1 Kg7 39. Kd2 Kf6 40. Bd5 1-0